[Event "ENCI Limburg-open B"]
[Site "Maastricht"]
[Date "2010.05.22"]
[Round "3"]
[White "Hauglustaine, Sander"]
[Black "Van Asseldonk, Paul"]
[Result "0-1"]
[WhiteElo "1782"]
[BlackElo "2027"]
[PlyCount "52"]
[EventDate "2010.05.21"]
[EventType "swiss"]
[EventRounds "7"]
[EventCountry "NED"]
[Source "P.Boonen"]
[SourceDate "2010.10.01"]

1. e4 c5 2. Nc3 Nc6 3. Bb5 Nf6 4. Bxc6 dxc6 5. d3 g6 6. f4 Bg7 7. h3 e5 8. Nf3
exf4 9. Bxf4 Nh5 10. Bh2 f5 11. exf5 Qe7+ 12. Kf2 O-O 13. g4 Nf6 14. g5 Bxf5
15. gxf6 Bxf6 16. Bg3 c4 17. Kg2 Rad8 18. d4 c5 19. d5 Bxc3 20. bxc3 Be4 21.
Rf1 Rxd5 22. Qe2 Bxf3+ 23. Qxf3 Rxf3 24. Rxf3 Rd2+ 25. Rf2 Qe4+ 26. Kg1 Qe3 0-1

[Event "ENCI Limburg-open B"]
[Site "Maastricht"]
[Date "2010.05.22"]
[Round "3"]
[White "Holwijn, Melvin"]
[Black "Smit, Melvin"]
[Result "1-0"]
[WhiteElo "2021"]
[BlackElo "1883"]
[PlyCount "51"]
[EventDate "2010.05.21"]
[EventType "swiss"]
[EventRounds "7"]
[EventCountry "NED"]
[Source "P.Boonen"]
[SourceDate "2010.10.01"]

1. d4 Nf6 2. c4 e5 3. dxe5 Ng4 4. Nf3 Bc5 5. e3 Nc6 6. Be2 O-O 7. Nc3 Re8 8.
O-O Ngxe5 9. Nd4 d6 10. f4 Ng6 11. f5 Nge5 12. Nd5 Ne7 13. Nc3 N5c6 14. f6 Ng6
15. fxg7 Kxg7 16. Nd5 Be6 17. Nf6 Rf8 18. b3 Nce5 19. Bb2 c6 20. Qe1 Qe7 21. h4
Qc7 22. Qg3 Kh8 23. h5 Ne7 24. Qg5 Rg8 25. Nxg8 Nxg8 26. h6 1-0

[Event "ENCI Limburg-open B"]
[Site "Maastricht"]
[Date "2010.05.22"]
[Round "3"]
[White "Ibrahim, Ashraf"]
[Black "Brasse, Bram"]
[Result "1/2-1/2"]
[WhiteElo "1819"]
[BlackElo "1764"]
[PlyCount "80"]
[EventDate "2010.05.21"]
[EventType "swiss"]
[EventRounds "7"]
[EventCountry "NED"]
[Source "P.Boonen"]
[SourceDate "2010.10.01"]

1. d4 Nf6 2. c4 e6 3. Nc3 Be7 4. Nf3 d5 5. Bf4 O-O 6. e3 Nbd7 7. Bd3 dxc4 8.
Bxc4 Nb6 9. Bd3 Nbd5 10. Bg5 Nxc3 11. bxc3 b6 12. e4 Bb7 13. Qe2 Nd7 14. h4 c5
15. e5 Re8 16. Bxe7 Qxe7 17. Ng5 Nf8 18. Ne4 Bxe4 19. Bxe4 Rac8 20. Qb2 cxd4
21. cxd4 Rc7 22. g3 Rec8 23. O-O Qd7 24. Rfd1 Qa4 25. a3 Rc3 26. Qb4 R8c4 27.
Qd6 Qd7 28. Qxd7 Nxd7 29. Bd3 Rc7 30. a4 Nb8 31. a5 Nd7 32. Bb5 g6 33. Ra4 Rc2
34. Bxd7 Rxd7 35. axb6 axb6 36. Rb4 Re2 37. f4 Ra7 38. Rb3 Raa2 39. Kf1 Rf2+
40. Kg1 Rg2+ 1/2-1/2

[Event "ENCI Limburg-open B"]
[Site "Maastricht"]
[Date "2010.05.22"]
[Round "3"]
[White "Keetman, Maaike"]
[Black "Tutenel, Erik"]
[Result "0-1"]
[WhiteElo "1738"]
[BlackElo "1817"]
[PlyCount "56"]
[EventDate "2010.05.21"]
[EventType "swiss"]
[EventRounds "7"]
[EventCountry "NED"]
[Source "P.Boonen"]
[SourceDate "2010.10.01"]

1. e4 e5 2. Nf3 Nc6 3. d4 exd4 4. Nxd4 Bc5 5. Be3 Qf6 6. c3 Nge7 7. g3 O-O 8.
Bg2 Bb6 9. O-O d6 10. Na3 Ne5 11. Qc1 N7c6 12. f4 Ng4 13. Rd1 Qh6 14. h3 Nxe3
15. Qxe3 Bxh3 16. Qe2 Bxg2 17. Kxg2 Qg6 18. Nxc6 bxc6 19. Nc4 Rfe8 20. Nd2 d5
21. e5 Re6 22. Qf3 Qf5 23. Rac1 Rg6 24. Nb3 Rh6 25. Rh1 Rxh1 26. Rxh1 Qc2+ 27.
Kf1 Qxb2 28. Qg2 Qxc3 0-1

[Event "ENCI Limburg-open B"]
[Site "Maastricht"]
[Date "2010.05.22"]
[Round "3"]
[White "Klein, Gernot"]
[Black "Scheeren, Fred"]
[Result "0-1"]
[WhiteElo "1903"]
[BlackElo "2005"]
[PlyCount "104"]
[EventDate "2010.05.21"]
[EventType "swiss"]
[EventRounds "7"]
[EventCountry "NED"]
[Source "P.Boonen"]
[SourceDate "2010.10.01"]

1. e4 c6 2. d4 d5 3. Nc3 dxe4 4. Nxe4 Nd7 5. Ng5 Ngf6 6. Bd3 e6 7. N1f3 h6 8.
Nxe6 Qe7 9. O-O fxe6 10. Bg6+ Kd8 11. c4 Qb4 12. Qe2 Be7 13. Bd2 Qa4 14. b3 Qa6
15. Rfe1 Nf8 16. Bd3 Bd7 17. d5 c5 18. Ne5 Be8 19. b4 Qd6 20. Bf4 exd5 21. Nf7+
Bxf7 22. Bxd6 Bxd6 23. bxc5 Bxc5 24. cxd5 N8d7 25. Bf5 a6 26. Rac1 Re8 27. Qb2
b6 28. Be6 Bg6 29. Re2 Bd3 30. Rd2 Bg6 31. Kh1 Ra7 32. a4 Rc7 33. Rdd1 Ne4 34.
Rf1 Nef6 35. f4 Bd3 36. Rf3 Be4 37. Rh3 Nxd5 38. Bxd5 Bxd5 39. Rd1 Nf6 40. Rhd3
Kc8 41. h3 Bc6 42. Qa2 Rce7 43. Qd2 Ne4 44. Rd8+ Kc7 45. Qb2 Rxd8 46. Rxd8 Kxd8
47. Kh2 Kc7 48. Qe2 Kb7 49. Qc4 Bd6 50. g3 Nd2 51. Qc3 Re2+ 52. Kg1 Bc5+ 0-1

[Event "ENCI Limburg-open B"]
[Site "Maastricht"]
[Date "2010.05.22"]
[Round "3"]
[White "Lenaerts, Lennert"]
[Black "Van Meegen, Ruud"]
[Result "0-1"]
[WhiteElo "1758"]
[BlackElo "1956"]
[PlyCount "52"]
[EventDate "2010.05.21"]
[EventType "swiss"]
[EventRounds "7"]
[EventCountry "NED"]
[Source "P.Boonen"]
[SourceDate "2010.10.01"]

1. d4 d5 2. Nf3 Nf6 3. e3 e6 4. Bd3 Bd6 5. O-O O-O 6. b3 b6 7. Bb2 Bb7 8. Nbd2
Nbd7 9. Ne5 c5 10. f4 Rc8 11. g4 Ne4 12. Rf3 f6 13. Nxd7 Qxd7 14. Rh3 Qc6 15.
Nxe4 dxe4 16. Bc4 Rce8 17. f5 cxd4 18. Bxe6+ Rxe6 19. fxe6 dxe3 20. Rxe3 Bf4
21. Rc3 Qxe6 22. Rc4 Bd5 23. Ra4 Bc6 24. Rxa7 e3 25. Kf1 Qe4 26. h4 Qg2+ 0-1

[Event "ENCI Limburg-open B"]
[Site "Maastricht"]
[Date "2010.05.22"]
[Round "3"]
[White "Mollema, Thomas"]
[Black "Strauss, Erich"]
[Result "1/2-1/2"]
[WhiteElo "1888"]
[BlackElo "1781"]
[PlyCount "89"]
[EventDate "2010.05.21"]
[EventType "swiss"]
[EventRounds "7"]
[EventCountry "NED"]
[Source "P.Boonen"]
[SourceDate "2010.10.01"]

1. e4 c6 2. d4 d6 3. Nc3 g6 4. Be2 Bg7 5. Nf3 Bg4 6. Be3 a6 7. Qd2 b5 8. a3 Nd7
9. h3 Bxf3 10. Bxf3 e5 11. d5 c5 12. b4 Rc8 13. Bg4 Ngf6 14. Bg5 h6 15. Bxf6
Bxf6 16. bxc5 Bg5 17. Qe2 Rxc5 18. Bxd7+ Qxd7 19. Nd1 Qc7 20. Ra2 O-O 21. O-O
Rc8 22. c3 Kg7 23. g3 Qd7 24. Kg2 Bd8 25. a4 f5 26. f3 f4 27. g4 Bh4 28. axb5
axb5 29. Kh1 Qb7 30. Rg1 R8c7 31. Rg2 Bg3 32. Qf1 Qb8 33. Rgb2 Qe8 34. Ra6 Qe7
35. Qg2 Be1 36. Rb6 Bxc3 37. Nxc3 Rxc3 38. R6xb5 Qh4 39. Rb6 h5 40. g5 Qe1+ 41.
Kh2 Qc1 42. Rb7 Kf7 43. Qf2 Ke7 44. Rxc7+ Rxc7 45. Ra2 1/2-1/2

[Event "ENCI Limburg-open B"]
[Site "Maastricht"]
[Date "2010.05.22"]
[Round "3"]
[White "O'Gorman, Brendan"]
[Black "Cebula, Jerzy"]
[Result "1/2-1/2"]
[WhiteElo "1827"]
[BlackElo "2018"]
[PlyCount "86"]
[EventDate "2010.05.21"]
[EventType "swiss"]
[EventRounds "7"]
[EventCountry "NED"]
[Source "P.Boonen"]
[SourceDate "2010.10.01"]

1. Nf3 Nf6 2. c4 g6 3. Nc3 c5 4. g3 Bg7 5. Bg2 O-O 6. O-O d5 7. cxd5 Nxd5 8.
Nxd5 Qxd5 9. d3 Rd8 10. Ng5 Qd7 11. Qb3 e6 12. Be3 Na6 13. Rac1 Rb8 14. Ne4 b6
15. Bg5 Bb7 16. Nf6+ Bxf6 17. Bxf6 Bxg2 18. Kxg2 Qd5+ 19. Qxd5 Rxd5 20. Rfd1
Kf8 21. e4 Rd7 22. d4 cxd4 23. Rxd4 Rxd4 24. Bxd4 Ke7 25. Kf3 Rd8 26. Ke3 Rd7
27. a3 Nc7 28. a4 Na6 29. Rc4 Rc7 30. Kd3 Rd7 31. Ke3 Rc7 32. Kd3 Rxc4 33. Kxc4
Kd6 34. b4 e5 35. Be3 Nc7 36. h4 h5 37. b5 Ke6 38. a5 Na8 39. Kb4 Kd6 40. axb6
Nxb6 41. Bc5+ Kc7 42. Be3 Kd6 43. Bc5+ Kc7 1/2-1/2

[Event "ENCI Limburg-open B"]
[Site "Maastricht"]
[Date "2010.05.22"]
[Round "3"]
[White "Pijlman, Rene"]
[Black "Goes, Dirk"]
[Result "1/2-1/2"]
[WhiteElo "1914"]
[BlackElo "1971"]
[PlyCount "24"]
[EventDate "2010.05.21"]
[EventType "swiss"]
[EventRounds "7"]
[EventCountry "NED"]
[Source "P.Boonen"]
[SourceDate "2010.10.01"]

1. b3 e5 2. Bb2 Nc6 3. e3 d5 4. c4 d4 5. f4 exf4 6. exf4 g6 7. Nf3 Bg7 8. Bd3
Nge7 9. O-O Bf5 10. Bxf5 Nxf5 11. Re1+ Nfe7 12. d3 O-O 1/2-1/2

[Event "ENCI Limburg-open B"]
[Site "Maastricht"]
[Date "2010.05.22"]
[Round "3"]
[White "Porteman, Eric"]
[Black "Rodriguez, Abelardo"]
[Result "1-0"]
[WhiteElo "1931"]
[BlackElo "1734"]
[PlyCount "91"]
[EventDate "2010.05.21"]
[EventType "swiss"]
[EventRounds "7"]
[EventCountry "NED"]
[Source "P.Boonen"]
[SourceDate "2010.10.01"]

1. c4 c5 2. Nc3 Nf6 3. g3 Nc6 4. Bg2 g6 5. Nf3 Bg7 6. O-O O-O 7. d4 d6 8. d5
Nb4 9. a3 Na6 10. e4 Nd7 11. Be3 Nc7 12. Qd2 Re8 13. Bh6 Bh8 14. Rae1 a6 15. h4
b5 16. cxb5 axb5 17. Ng5 Ba6 18. b4 Ne5 19. Bh3 f6 20. Qe2 fxg5 21. hxg5 Nf7
22. Nd1 Nxh6 23. gxh6 Bd4 24. Kh2 Bc8 25. g4 Rxa3 26. f4 Rf8 27. Kg2 cxb4 28.
Rf3 Rxf3 29. Qxf3 Be5 30. f5 gxf5 31. exf5 Kh8 32. Nf2 Bb7 33. Kg1 Bxd5 34. Qe3
Rg8 35. Nd3 Bf6 36. Nxb4 Bb7 37. Qb6 Qb8 38. Rxe7 Nd5 39. Nxd5 Bxd5 40. Qe3 Qa8
41. Kh2 Qa2+ 42. Kg3 Be5+ 43. Rxe5 Bc4 44. Rxb5 Qa1 45. Rb4 Rc8 46. Rxc4 1-0

[Event "ENCI Limburg-open B"]
[Site "Maastricht"]
[Date "2010.05.22"]
[Round "3"]
[White "Sanetra, Chris"]
[Black "Keetman, Dennis"]
[Result "1/2-1/2"]
[WhiteElo "2027"]
[BlackElo "1886"]
[PlyCount "45"]
[EventDate "2010.05.21"]
[EventType "swiss"]
[EventRounds "7"]
[EventCountry "NED"]
[Source "P.Boonen"]
[SourceDate "2010.10.01"]

1. e4 d5 2. exd5 Nf6 3. Nc3 Bg4 4. Be2 Bxe2 5. Qxe2 Nbd7 6. Nf3 g6 7. d4 Bg7 8.
Bg5 O-O 9. O-O Nb6 10. Bxf6 Bxf6 11. Qe4 Nc4 12. Qd3 Nb6 13. Ne4 Qxd5 14. Nxf6+
exf6 15. b3 Rad8 16. c4 Qc6 17. Rfe1 Nd7 18. Re7 Qd6 19. Re2 Ne5 20. Nxe5 fxe5
21. d5 Rfe8 22. Qe3 b6 23. Rae1 1/2-1/2

[Event "ENCI Limburg-open B"]
[Site "Maastricht"]
[Date "2010.05.22"]
[Round "3"]
[White "Snoeck, Rene"]
[Black "Liston, Mike"]
[Result "0-1"]
[WhiteElo "1985"]
[BlackElo "1705"]
[PlyCount "46"]
[EventDate "2010.05.21"]
[EventType "swiss"]
[EventRounds "7"]
[EventCountry "NED"]
[Source "P.Boonen"]
[SourceDate "2010.10.01"]

1. a3 e5 2. c4 Nf6 3. Nc3 Nc6 4. g3 d5 5. Bg2 dxc4 6. Qa4 Bd7 7. Qxc4 Be7 8.
Nf3 O-O 9. O-O Be6 10. Qa4 Qd7 11. Ng5 Bf5 12. d3 h6 13. Nge4 Nxe4 14. Nxe4 Nd4
15. Qxd7 Nxe2+ 16. Kh1 Bxd7 17. Bd2 Bc6 18. Be3 f5 19. Nc5 Bxg2+ 20. Kxg2 f4
21. Ne6 Rf7 22. Bd2 Bd6 23. Rfe1 f3+ 0-1

[Event "ENCI Limburg-open B"]
[Site "Maastricht"]
[Date "2010.05.22"]
[Round "3"]
[White "Stern, Geoffrey"]
[Black "De Ridder, Naomi"]
[Result "1/2-1/2"]
[WhiteElo "1956"]
[BlackElo "1799"]
[PlyCount "67"]
[EventDate "2010.05.21"]
[EventType "swiss"]
[EventRounds "7"]
[EventCountry "NED"]
[Source "P.Boonen"]
[SourceDate "2010.10.01"]

1. Nc3 e5 2. Nf3 Nc6 3. d4 exd4 4. Nxd4 Bb4 5. Nxc6 Bxc3+ 6. bxc3 bxc6 7. Qd4
Qf6 8. g3 Ba6 9. Bg2 Qe6 10. O-O f6 11. Bf4 Ne7 12. Bxc7 O-O 13. Rfd1 d5 14. e4
dxe4 15. Qxe4 Qxe4 16. Bxe4 Rac8 17. Bd6 Rfe8 18. Bc5 Rc7 19. Bd3 Bxd3 20. cxd3
Nd5 21. c4 Nc3 22. Re1 Rxe1+ 23. Rxe1 Rd7 24. Re8+ Kf7 25. Ra8 Nxa2 26. Rxa7
Rxa7 27. Bxa7 Ke6 28. Kg2 Nb4 29. d4 Nc2 30. Kf3 Na3 31. d5+ cxd5 32. cxd5+
Kxd5 33. Kf4 Nc4 34. Kf5 1/2-1/2

[Event "ENCI Limburg-open B"]
[Site "Maastricht"]
[Date "2010.05.22"]
[Round "3"]
[White "Thoma, Sophia"]
[Black "Whitmire, James David"]
[Result "1-0"]
[WhiteElo "1894"]
[BlackElo "1957"]
[PlyCount "47"]
[EventDate "2010.05.21"]
[EventType "swiss"]
[EventRounds "7"]
[EventCountry "NED"]
[Source "P.Boonen"]
[SourceDate "2010.10.01"]

1. e4 c5 2. Nf3 d6 3. d4 cxd4 4. Nxd4 Nf6 5. Nc3 a6 6. Be2 e5 7. Nb3 Be7 8. O-O
O-O 9. Kh1 b6 10. f4 Nbd7 11. Bf3 Bb7 12. Qe1 Rc8 13. f5 b5 14. a3 Nb6 15. g4
Nfd7 16. Qg3 Na4 17. g5 f6 18. g6 h6 19. Qh4 Re8 20. Bxh6 gxh6 21. Qxh6 Nf8 22.
g7 Nh7 23. Bh5 Bf8 24. Rg1 1-0

[Event "ENCI Limburg-open B"]
[Site "Maastricht"]
[Date "2010.05.22"]
[Round "3"]
[White "Tsiros, Fragkiskos Vlasios"]
[Black "Sofic, Narcis"]
[Result "0-1"]
[WhiteElo "1712"]
[BlackElo "1922"]
[PlyCount "94"]
[EventDate "2010.05.21"]
[EventType "swiss"]
[EventRounds "7"]
[EventCountry "NED"]
[Source "P.Boonen"]
[SourceDate "2010.10.01"]

1. e4 d5 2. exd5 Qxd5 3. Nc3 Qd6 4. d4 Nf6 5. Nf3 Bg4 6. Be3 a6 7. h3 Bh5 8.
Bc4 e6 9. g4 Bg6 10. Ne5 Nc6 11. f4 O-O-O 12. Ne2 Nxe5 13. fxe5 Qb4+ 14. c3
Qxc4 15. exf6 gxf6 16. b3 Qc6 17. Rf1 Be7 18. Qd2 e5 19. a4 h5 20. b4 Qc4 21.
Qa2 Qxa2 22. Rxa2 hxg4 23. hxg4 Bd3 24. Rd2 Bc4 25. Rg1 Rh3 26. Ng3 Be6 27. Nf1
Bc4 28. Ng3 Rdh8 29. dxe5 fxe5 30. Bf2 Bg5 31. Rb2 Rd8 32. Ne4 Bf4 33. Bg3
Bxg3+ 34. Rxg3 Rxg3 35. Nxg3 Rd3 36. Ne2 Re3 37. Kf2 Rxe2+ 38. Rxe2 Bxe2 39.
Kxe2 Kd7 40. Kd3 Ke6 41. Ke4 b5 42. a5 f6 43. Ke3 f5 44. gxf5+ Kxf5 45. c4 c6
46. cxb5 cxb5 47. Kd3 Kf4 0-1

[Event "ENCI Limburg-open B"]
[Site "Maastricht"]
[Date "2010.05.22"]
[Round "3"]
[White "Uckerman, John"]
[Black "Taverniers, Peter"]
[Result "1-0"]
[WhiteElo "1706"]
[BlackElo "1783"]
[PlyCount "55"]
[EventDate "2010.05.21"]
[EventType "swiss"]
[EventRounds "7"]
[EventCountry "NED"]
[Source "P.Boonen"]
[SourceDate "2010.10.01"]

1. e4 e5 2. Nf3 d6 3. d4 exd4 4. Nxd4 Nf6 5. Nc3 Be7 6. Be2 Bd7 7. O-O O-O 8.
f4 Nc6 9. Be3 Nxd4 10. Bxd4 Bc6 11. Bf3 Nd7 12. g4 Bf6 13. g5 Bxd4+ 14. Qxd4 f5
15. Rae1 fxe4 16. Bxe4 Bxe4 17. Nxe4 Rf5 18. Ng3 Rc5 19. Re2 Nf8 20. Nh5 Qd7
21. Rfe1 Qg4+ 22. Ng3 Ng6 23. Re8+ Rxe8 24. Rxe8+ Kf7 25. Re2 Nh4 26. Qe4 Qd7
27. Qxh7 Qh3 28. g6+ 1-0

[Event "ENCI Limburg-open B"]
[Site "Maastricht"]
[Date "2010.05.22"]
[Round "3"]
[White "Van Liempt, Michael"]
[Black "Singh, Marcel"]
[Result "1-0"]
[WhiteElo "1747"]
[BlackElo "1917"]
[PlyCount "57"]
[EventDate "2010.05.21"]
[EventType "swiss"]
[EventRounds "7"]
[EventCountry "NED"]
[Source "P.Boonen"]
[SourceDate "2010.10.01"]

1. e4 Nf6 2. e5 Nd5 3. d4 d6 4. c4 Nb6 5. exd6 cxd6 6. Nc3 g6 7. Be3 Bg7 8. Rc1
O-O 9. b3 a5 10. Nf3 Bg4 11. Be2 Nc6 12. d5 Nb4 13. O-O Rc8 14. Nd4 Bf5 15.
Nxf5 gxf5 16. Bd4 Bh6 17. f4 e5 18. fxe5 Bxc1 19. Qxc1 dxe5 20. Bxe5 f6 21. Bd4
Nd7 22. Rxf5 Ne5 23. Qh6 Qe7 24. Ne4 Ng6 25. Nxf6+ Rxf6 26. Rxf6 Nc2 27. Rxg6+
hxg6 28. Qxg6+ Kf8 29. Qf5+ 1-0

[Event "ENCI Limburg-open B"]
[Site "Maastricht"]
[Date "2010.05.22"]
[Round "3"]
[White "Visser, Sebastiaan"]
[Black "Debusschere, Helmuth"]
[Result "1/2-1/2"]
[WhiteElo "1731"]
[BlackElo "1884"]
[PlyCount "70"]
[EventDate "2010.05.21"]
[EventType "swiss"]
[EventRounds "7"]
[EventCountry "NED"]
[Source "P.Boonen"]
[SourceDate "2010.10.01"]

1. d4 c5 2. Nf3 cxd4 3. Nxd4 Nf6 4. Bg5 Qb6 5. Nb3 e5 6. e3 Be7 7. N1d2 d5 8.
c4 dxc4 9. Bxc4 O-O 10. O-O Be6 11. Rc1 Na6 12. Nf3 Bxc4 13. Rxc4 Qe6 14. Qe2
Rac8 15. Rfc1 h6 16. Bh4 Rxc4 17. Qxc4 Qf5 18. e4 Qh5 19. Qb5 g5 20. Bg3 Nxe4
21. Qxb7 Nxg3 22. hxg3 g4 23. Qxe7 gxf3 24. Qxa7 Nb4 25. Nc5 Nc6 26. Qb7 Nd4
27. gxf3 Ne2+ 28. Kg2 Nxc1 29. Nd7 Qg5 30. Nxf8 Kxf8 31. Qc8+ Kg7 32. f4 exf4
33. Qc3+ Kh7 34. Qc2+ Kg7 35. Qc3+ Kh7 1/2-1/2

[Event "ENCI Limburg-open B"]
[Site "Maastricht"]
[Date "2010.05.22"]
[Round "3"]
[White "Zegstroo, Martin"]
[Black "Perrenet, Jacob"]
[Result "0-1"]
[WhiteElo "1861"]
[BlackElo "1986"]
[PlyCount "84"]
[EventDate "2010.05.21"]
[EventType "swiss"]
[EventRounds "7"]
[EventCountry "NED"]
[Source "P.Boonen"]
[SourceDate "2010.10.01"]

1. e4 g5 2. d4 h6 3. h4 g4 4. Bd3 d5 5. e5 c5 6. c3 Nc6 7. Ne2 h5 8. a3 Nh6 9.
b4 c4 10. Bc2 Bf5 11. Ng3 Bxc2 12. Qxc2 Qd7 13. Bf4 Nd8 14. Nd2 Ne6 15. Be3 Ng7
16. a4 Nhf5 17. Nxf5 Nxf5 18. Nf1 O-O-O 19. Bg5 f6 20. exf6 exf6 21. Bxf6 Re8+
22. Be5 Bg7 23. O-O-O Bxe5 24. dxe5 Rxe5 25. Ng3 Nxg3 26. fxg3 Rhe8 27. Rd2 Re3
28. Rhd1 R8e5 29. Rd4 Qe6 30. Kb2 Rxg3 31. R1d2 a6 32. Qh7 Kb8 33. Qh8+ Ka7 34.
Qd8 Ree3 35. Qxd5 Qxd5 36. Rxd5 Rxc3 37. b5 Ra3 38. Kc2 c3 39. Re2 Ra2+ 40. Kd1
Rxe2 41. Kxe2 Rxg2+ 42. Kd1 Rd2+ 0-1

[Event "ENCI Limburg-open B"]
[Site "Maastricht"]
[Date "2010.05.23"]
[Round "4"]
[White "Bachaus, Sander"]
[Black "Mollema, Thomas"]
[Result "1/2-1/2"]
[WhiteElo "1777"]
[BlackElo "1888"]
[PlyCount "37"]
[EventDate "2010.05.21"]
[EventType "swiss"]
[EventRounds "7"]
[EventCountry "NED"]
[Source "P.Boonen"]
[SourceDate "2010.10.01"]

1. e4 e5 2. Nc3 Nc6 3. Bc4 Nf6 4. d3 Bc5 5. f4 d6 6. f5 h6 7. g4 Na5 8. Qe2
Nxc4 9. dxc4 Bb4 10. Bd2 b6 11. Nh3 Bb7 12. Nf2 Bxc3 13. Bxc3 Nd7 14. h4 Qe7
15. O-O-O O-O-O 16. Rdg1 g6 17. Bd2 Rdf8 18. b4 Nb8 19. Nd1 1/2-1/2

[Event "ENCI Limburg-open B"]
[Site "Maastricht"]
[Date "2010.05.23"]
[Round "4"]
[White "Broekhuis, Jan"]
[Black "Demarre, Jan"]
[Result "1-0"]
[WhiteElo "1866"]
[BlackElo "1783"]
[PlyCount "99"]
[EventDate "2010.05.21"]
[EventType "swiss"]
[EventRounds "7"]
[EventCountry "NED"]
[Source "P.Boonen"]
[SourceDate "2010.10.01"]

1. e4 e5 2. Nf3 Nc6 3. Bb5 a6 4. Ba4 Nf6 5. Qe2 b5 6. Bb3 Bc5 7. c3 O-O 8. O-O
d6 9. h3 Bb7 10. d3 h6 11. Bc2 Qd7 12. Nbd2 Rfe8 13. Nb3 Bb6 14. Bd2 Ne7 15.
Nh4 c5 16. c4 g5 17. Nf3 Ng6 18. Nh2 Nf4 19. Bxf4 gxf4 20. Nd2 Kh7 21. Ng4 Qe6
22. Nxf6+ Qxf6 23. Qh5 Rg8 24. Nf3 Qg7 25. Ne1 Bc8 26. Bd1 Be6 27. b3 Ba5 28.
Bg4 Bxg4 29. hxg4 Qxg4 30. Qxg4 Rxg4 31. f3 Rg3 32. Rd1 Bc3 33. Nc2 Rag8 34.
Rf2 h5 35. Kh2 R8g6 36. Rh1 h4 37. Kg1 Rh6 38. cxb5 axb5 39. Kf1 Kg6 40. Ke2
Kh5 41. Rh2 Rh8 42. Rf1 Kg5 43. Rfh1 Ra8 44. a3 Bb2 45. Rxh4 Rxg2+ 46. Kd1 Bxa3
47. Ne1 Rg3 48. Rh6 Rxf3 49. Nxf3+ Kg4 50. Ke2 1-0

[Event "ENCI Limburg-open B"]
[Site "Maastricht"]
[Date "2010.05.23"]
[Round "4"]
[White "Cebula, Jerzy"]
[Black "Camps, Jeroen"]
[Result "1-0"]
[WhiteElo "2018"]
[BlackElo "1849"]
[PlyCount "53"]
[EventDate "2010.05.21"]
[EventType "swiss"]
[EventRounds "7"]
[EventCountry "NED"]
[Source "P.Boonen"]
[SourceDate "2010.10.01"]

1. e4 c5 2. Nf3 d6 3. d4 cxd4 4. Nxd4 Nf6 5. Nc3 a6 6. Be2 e5 7. Nb3 Be7 8. Be3
O-O 9. O-O b5 10. Nd5 Nxd5 11. Qxd5 Qc7 12. Qxa8 Nc6 13. Na5 Nxa5 14. Qa7 Qxc2
15. Bxb5 axb5 16. Qxe7 Qxe4 17. Bd2 Nc4 18. Bc3 Qg6 19. Kh1 Be6 20. Qb7 d5 21.
b3 Nd6 22. Qb6 Nf5 23. Bxe5 d4 24. Qxb5 d3 25. Rad1 Ra8 26. Rxd3 Bd5 27. Rxd5
1-0

[Event "ENCI Limburg-open B"]
[Site "Maastricht"]
[Date "2010.05.23"]
[Round "4"]
[White "Cillen, Jeroen"]
[Black "De Ridder, Naomi"]
[Result "1-0"]
[WhiteElo "1893"]
[BlackElo "1799"]
[PlyCount "65"]
[EventDate "2010.05.21"]
[EventType "swiss"]
[EventRounds "7"]
[EventCountry "NED"]
[Source "P.Boonen"]
[SourceDate "2010.10.01"]

1. e4 e5 2. Nf3 Nc6 3. d4 exd4 4. Nxd4 Bc5 5. c3 Qf6 6. Be3 Nge7 7. Be2 d6 8.
O-O O-O 9. Nxc6 Nxc6 10. Bxc5 dxc5 11. Qc2 Qg6 12. f4 Bg4 13. Bxg4 Qxg4 14. Qf2
b6 15. Nd2 Rfe8 16. Rae1 Rad8 17. Nc4 Qe6 18. b3 Rd7 19. Re3 Red8 20. f5 Qe8
21. e5 Rd1 22. Qh4 R1d3 23. f6 g6 24. Rxd3 Rxd3 25. e6 b5 26. e7 h5 27. g4 bxc4
28. gxh5 Kh7 29. hxg6+ Kxg6 30. Qg4+ Kh6 31. Qg7+ Kh5 32. Qh7+ Kg5 33. Rf5+ 1-0

[Event "ENCI Limburg-open B"]
[Site "Maastricht"]
[Date "2010.05.23"]
[Round "4"]
[White "Cromsigt, Jeroen"]
[Black "Sanetra, Chris"]
[Result "1/2-1/2"]
[WhiteElo "1825"]
[BlackElo "2027"]
[PlyCount "48"]
[EventDate "2010.05.21"]
[EventType "swiss"]
[EventRounds "7"]
[EventCountry "NED"]
[Source "P.Boonen"]
[SourceDate "2010.10.01"]

1. e4 c5 2. b4 d6 3. bxc5 dxc5 4. Nf3 Nc6 5. Bb5 Qb6 6. Nc3 e6 7. Ne5 Nf6 8.
Rb1 Qc7 9. Nxc6 bxc6 10. Be2 Bd6 11. h3 O-O 12. d3 Be5 13. Qd2 Rd8 14. f4 Bd4
15. e5 Qa5 16. Rb3 c4 17. Ra3 Nd5 18. Rxa5 Bxc3 19. Qxc3 Nxc3 20. Bf3 cxd3 21.
cxd3 Nd5 22. O-O a6 23. Bxd5 Rxd5 24. Rxd5 cxd5 1/2-1/2

[Event "ENCI Limburg-open B"]
[Site "Maastricht"]
[Date "2010.05.23"]
[Round "4"]
[White "De Ridder, Dieter"]
[Black "Geib, Volker"]
[Result "1/2-1/2"]
[WhiteElo "1965"]
[BlackElo "1799"]
[PlyCount "35"]
[EventDate "2010.05.21"]
[EventType "swiss"]
[EventRounds "7"]
[EventCountry "NED"]
[Source "P.Boonen"]
[SourceDate "2010.10.01"]

1. e4 d5 2. exd5 Qxd5 3. Nc3 Qa5 4. d4 c6 5. Bc4 Nf6 6. Bd2 Qc7 7. Nf3 Bg4 8.
Qe2 e6 9. h3 Bxf3 10. Qxf3 Nbd7 11. Bf4 Bd6 12. Bxd6 Qxd6 13. O-O-O Nb6 14. Bb3
O-O-O 15. Ne4 Nxe4 16. Qxe4 Nd5 17. Bxd5 Qxd5 18. Qxd5 1/2-1/2

[Event "ENCI Limburg-open B"]
[Site "Maastricht"]
[Date "2010.05.23"]
[Round "4"]
[White "Frijns, Raoul"]
[Black "Capone, Nicola"]
[Result "0-1"]
[WhiteElo "1729"]
[BlackElo "1852"]
[PlyCount "48"]
[EventDate "2010.05.21"]
[EventType "swiss"]
[EventRounds "7"]
[EventCountry "NED"]
[Source "P.Boonen"]
[SourceDate "2010.10.01"]

1. d4 Nf6 2. Bg5 c5 3. Bxf6 gxf6 4. c3 Qb6 5. Qd2 Bh6 6. e3 d6 7. Nf3 Bf5 8.
Na3 Nd7 9. Nc4 Qc7 10. Bd3 Bxd3 11. Qxd3 O-O-O 12. b4 d5 13. Ncd2 c4 14. Qc2 e5
15. e4 exd4 16. cxd4 c3 17. Nb1 dxe4 18. Nh4 Nb6 19. Nf5 Bf8 20. a3 Nd5 21.
Nxc3 Kb8 22. Rc1 Rc8 23. Qb3 Nxc3 24. Kd2 Bh6+ 0-1

[Event "ENCI Limburg-open B"]
[Site "Maastricht"]
[Date "2010.05.23"]
[Round "4"]
[White "Goes, Dirk"]
[Black "Van Liempt, Michael"]
[Result "1/2-1/2"]
[WhiteElo "1971"]
[BlackElo "1747"]
[PlyCount "33"]
[EventDate "2010.05.21"]
[EventType "swiss"]
[EventRounds "7"]
[EventCountry "NED"]
[Source "P.Boonen"]
[SourceDate "2010.10.01"]

1. d4 Nf6 2. Bg5 c5 3. Bxf6 exf6 4. e3 Qb6 5. Nc3 cxd4 6. Qxd4 Bc5 7. Qe4+ Qe6
8. Bc4 Qxe4 9. Nxe4 Be7 10. O-O-O Nc6 11. Nd6+ Bxd6 12. Rxd6 Ke7 13. Rd2 d6 14.
Ne2 Be6 15. Bd5 Rac8 16. a3 Rc7 17. Nc3 1/2-1/2